000 01093nam a22003254i 4500
999 _c64580
_d64580
001 z9fres b1126798
003 FPD
005 20181001120532.0
008 750212s1973 enk eng u
040 _dFPD*
_aCO-MdFUSB
_bspa
_cCO-MdFUSB
_erda
041 _aeng
082 _223
_a227.107
_bN551
100 1 _aNewman, Barclay Moon,
_d1931-
245 1 2 _aA translator's handbook on Paul's Letter to the Romans
_c/ Barclay M. Newman y Eugene A. Nida.
264 1 _aUSA :
_bUnited Bible Societies,
_c℗[1979]
264 4 _c©1973.
300 _avii, 325 páginas ;
_c24 cm.
336 _2rdacontent
_atexto
_btxt
337 _2rdamedia
_asin mediación
_bn
338 _2rdacarrier
_avolumen
_bnc
490 1 _aHelps for translators series
505 _aTraduciendo la carta de Pablo a los Romanos -- Tratamiento del texto
563 _aTapa rústica
630 0 7 _aBiblia.
_pRomanos
700 1 _aNida, Eugene A.
_q(Eugene Albert),
_d1914-2011.
_eautor
830 _aHelps for translators series
_vVol. 14
942 _cBK